Statistiche per Gruppi di Cinque #2

Clicka qui per fare il quiz!

Statistiche generali

  • Questo quiz è stato fatto 3.353 volte
  • Il punteggio medio è 36 su 60

Statistiche sulle risposte

GroupRisposta% Corretto
Isole più grandi del MediterraneoSardegna
97%
Isole più grandi del MediterraneoSicilia
97%
Principali paralleli di latitudineCircolo Polare {Artico}
96%
Paesi NordiciNorvegia
95%
Paesi NordiciFinlandia
94%
Paesi NordiciSvezia
94%
Principali paralleli di latitudineCircolo Polare {Antartico}
93%
Principali paralleli di latitudineTropico del {Cancro}
92%
Paesi NordiciDanimarca
90%
Paesi NordiciIslanda
90%
Principali paralleli di latitudineTropico del {Capricorno}
90%
Isole più grandi del MediterraneoCipro
86%
I "Big 5" tra gli animali africaniLeone
86%
I "Big 5" tra gli animali africaniElefante africano
82%
Primi 5 elementi della Tavola PeriodicaIdrogeno
82%
Nazioni americane che iniziano per "C"Canada
81%
Isole più grandi del MediterraneoCorsica
80%
Le 5 "W" del giornalismoWhen
80%
Le 5 "W" del giornalismoWho
80%
Le 5 "W" del giornalismoWhat
79%
Le 5 "W" del giornalismoWhere
79%
Principali paralleli di latitudineEquatore
77%
Le 5 "W" del giornalismoWhy
77%
Nazioni americane che iniziano per "C"Colombia
75%
Discipline del Pentathlon modernoCorsa Campestre
75%
Discipline del Pentathlon moderno200m Stile Libero
70%
Nazioni americane che iniziano per "C"Cuba
69%
Primi 5 elementi della Tavola PeriodicaElio
69%
Nazioni americane che iniziano per "C"Cile
68%
Nomi maschili più diffusi in Spagna che iniziano per JJuan
67%
Consiglio di sicurezza permanente dell'ONURussia
66%
Consiglio di sicurezza permanente dell'ONUStati Uniti
66%
Consiglio di sicurezza permanente dell'ONUFrancia
64%
Consiglio di sicurezza permanente dell'ONURegno Unito
63%
Isole più grandi del MediterraneoCreta
62%
Consiglio di sicurezza permanente dell'ONUCina
61%
Nomi maschili più diffusi in Spagna che iniziano per JJose
60%
Nazioni americane che iniziano per "C"Costa Rica
57%
I "Big 5" tra gli animali africaniRinoceronte bianco
54%
Maggiori compagnie automobilistiche (2017)Ford
47%
Maggiori compagnie automobilistiche (2017)Toyota
43%
Primi 5 elementi della Tavola PeriodicaLitio
42%
I "Big 5" tra gli animali africaniLeopardo
40%
Primi 5 elementi della Tavola PeriodicaBerillio
37%
Nomi maschili più diffusi in Spagna che iniziano per JJavier
36%
Maggiori compagnie automobilistiche (2017)Volkswagen
36%
Primi 5 elementi della Tavola PeriodicaBoro
35%
Elementi della tradizione cineseAcqua
33%
Elementi della tradizione cineseFuoco
33%
Elementi della tradizione cineseTerra
33%
Nomi maschili più diffusi in Spagna che iniziano per JJorge
31%
Maggiori compagnie automobilistiche (2017)Hyundai / Kia
26%
Nomi maschili più diffusi in Spagna che iniziano per JJesus
24%
I "Big 5" tra gli animali africaniBufalo nero
18%
Discipline del Pentathlon modernoSalto ostacoli
18%
Discipline del Pentathlon modernoScherma
15%
Discipline del Pentathlon modernoTiro a segno
14%
Maggiori compagnie automobilistiche (2017)General Motors
13%
Elementi della tradizione cineseLegno
11%
Elementi della tradizione cineseMetallo
11%

Distribuzione punteggi

Percentile per numero di risposta

Percentuale di utenti per punteggio

I tuoi punteggi nel tempo

Non hai fatto questo quiz